Регионална библиотека "Любен Каравелов" - Русе

Лица, тела, персонажи : истории от Куба (Запис номер 80718)

MARC детайли
000 -Лидер
Контролно поле с фиксирана дължина 02048nam a2200445 c 4500
003 - Код на организацията, давaща контролен номер
Контролно поле BLK
005 - Дата и час на последна редакция
Контролно поле 20200917084158.0
008 - Елементи от данни с фиксирана дължина
fixed length control field 180408b bul|||||r ||||||| ||bul||
010 ## - Наследен системен номер
LC control number KNG00085207000
020 ## - Международен стандартен номер на книга ISBN
Международен стандартен номер на книга ISBN 978-954-491-412-7
040 ## - Източник на каталожния запис
Идентификатор на билиотеката - собственик на записа BLK
041 ## - Код за език
Код за езика на текст/звукозапис или на отделно заглавие Български
Код за езика КДБФ Български
Други езици Английски
080 ## - УДК
Текстов определител УДК Художествена фотография
УДК код - определител по УДК 77.04
УДК определител :061.4(729.1)(084)
УДК - код + определител 77.04:061.4(729.1)(084)
080 ## - УДК
Текстов определител УДК Фотография. Кинематография
УДК код - определител по УДК 77
УДК определител .071.1(55)(092)
УДК - код + определител 77.071.1(55)(092)
080 ## - УДК
УДК код - определител по УДК 929 Салари, Бабак
УДК - код + определител 929 Салари, Бабак
139 ## - Редно поле
Редна дума Салари, Бабак
Авторски знак Сал - С 15
245 10 - Сведения за заглавието
Заглавие Лица, тела, персонажи : истории от Куба
Редно поле (дума) фотогр. Бабак Салари; биогр. данни Роберто Сурбано Торес; прев. Цвета Ленкова.
246 11 - Различни форми на заглавието
Паралелно заглавие Faces, Bodies, Personas : Tracing Cuban Stories
257 ## - Страна на издаване
Страна на създаване/издаване Канада
260 ## - Област на издателските данни
Име на издателя, разпространителя и проч. Жанет 45
Година на издаване 2008
300 ## - Физическа характеристика
Страници 120 с.
Илюстрации и др. с фотогр.
Размери/Мащаб 25 см
380 ## - Жанр
Жанр Изкуство
500 ## - Общи забележки
Забележка Без сведение за ориг. загл. - Парал. текст на англ. ез. - Съдържа и за авт.
600 14 - Име на лице, използвано като предмет
За него / За нея Салари, Бабак
9 (RLIN) 118558
650 #4 - Допълнително описание по предмет – тема
Основно описание – тема или топоним Фотография, художествена - албуми
9 (RLIN) 279766
650 #4 - Допълнително описание по предмет – тема
Основно описание – тема или топоним Фотографи
9 (RLIN) 175947
651 #4 - Допълнително описание по предмет - топоним
Географско понятие Куба
9 (RLIN) 272036
653 ## - Ключова дума – ненормативна
Ключова дума албуми
653 ## - Ключова дума – ненормативна
Ключова дума художествена фотография
653 ## - Ключова дума – ненормативна
Ключова дума Бабак Салари
700 1# - Други автори (авторска отговорност)
Лично име Салари, Бабак
Автороска отговорност (Описва отношението между автора и произведението) фотогр.
9 (RLIN) 118558
700 1# - Други автори (авторска отговорност)
Лично име Торес, Роберто Сурбано
Автороска отговорност (Описва отношението между автора и произведението) биогр. данни
9 (RLIN) 299791
700 1# - Други автори (авторска отговорност)
Лично име Ленкова, Цвета
Автороска отговорност (Описва отношението между автора и произведението) прев.
9 (RLIN) 299792
720 ## - Неконтролирано име
Паралелен автор Fotogr. Babak Salari ; Biogr. notes Roberto Zurbano Torres ; Transl. from Span. Maria Teresa Ortega Sastriques
Ключова дума за отношение (Описва отношението между автора и произведението) паралелен автор
852 ## - Местоположение
Форматна сигнатура Цб 302210
856 4# - Електронен адрес и достъп
Електронен формат pdf - файл
856 4# - Електронен адрес и достъп
Електронен формат pdf - файл
999 ## - СИСТЕМНИ КОНТРОЛНИ НОМЕРА
Koha biblionumber 80718
Koha biblioitemnumber 80718
942 ## - АРТИКУЛИ
Вид на библиотечния материал Книги
Скрит в OPAC Не
Периодичен библиозапис Да
944 ## - СЪЗДАВАНЕ И РЕДАКЦИЯ на ЗАПИСА
Създаване/Редакция Създаване
Дата на регистрацията/редакция 27.08.2008
Служител, извършил регистрацията/редакцията Милена_Ачева
944 ## - СЪЗДАВАНЕ И РЕДАКЦИЯ на ЗАПИСА
Създаване/Редакция Редакция
Дата на регистрацията/редакция 07.10.2008
999 ## - СИСТЕМНИ КОНТРОЛНИ НОМЕРА
Koha biblioitemnumber 80718
Наличности
Код за отписване Код за изгубен артикул Източник на класификационната схема Код за повреда Коз за рестрикции Код за отдаване Артикулен № Име на библиотеката - собственик Име на библиотеката, в която се намира в момента Статус (Текущо местоположение) Дата на вписване в системата Местоположение - отдел Цена в лева Инвентарен номер Систематично азбучна сигнатура Баркод Номер на екземпляра Цена в евро Служебна бележка Служебен тип на артикула
  Не е изгубен Universal Decimal Classification Не е повреден без рестрикции ползва се в читалня 130775 Регионална библиотека "Любен Каравелов" Русе Регионална библиотека "Любен Каравелов" Русе Хранилище 2008-08-27 Хранилище 25.00 120000728322 Цб 302210 120000728322 1 12.78 Дост: Dp Вид: Д N: 22 Дата: 14.05.2008 Книги
Vip Innovations Ltd, Rousse, Bulgaria 2025